000
00281nam a22001337a 4500
008
171215b xxu||||| |||| 00| 0 eng d
020
_a
9781305745063
041
_a
eng
080
_a
51
100
_a
36
101
_a
MAT
245
_a
PRE-CALCULUS
_c
KADYROVA,I
942
_2
udc
_c
BK
999
_c
38957
_d
38957